000 00655nam a2200217Ii 4500
003 JO-AjNU
008 230605s9999||||xx |||||||||||||| ||und||
017 _a2010/7/2681
040 _aJO-AjNU
_bara
_erda
_cJO-AjNU
041 _aara
050 1 4 _aPJ7846.A38.N577 2010
100 3 _aمحادين، خالد,
_eauthor
_957499
245 0 0 _aوطن واحد ونساء كثيرات
250 _aط1
264 3 1 _aعمان: وزارة الثقافة، 2010
300 _a432ص
336 _atext
_btxt
_2rdacontent
337 _aunmediated
_bn
_2rdamedia
338 _avolume
_bnc
_2rdacarrier
650 4 _aالشعر العربي-الاردن
_957500
999 _aA25772
_c29340
_d29340